BIBLIOTHÈQUE DE LA MAISON DU MEXIQUE

Logo 1 Logo 2

Pinturas murales en los conventos mexicanos del siglo XVI (notice nᵒ 2880)

détails MARC
000 -Sello discográfico
campo de control de longitud fija 01040nam a2200313 4500
005 - Identificación de versión
campo de control 20251016083416.0
035 ## - Otros números de control del sistema
Número de control del sistema 24209
099 ## - fechas locales
Tipo de ítem Koha LIBRO
100 ## - Datos de procesamiento general
Datos de procesamiento general 19980219d1948 m y1spay5003 ba
105 ## - Campo de datos codificados: Material textual, monográfico
Datos codificados de monografía a 001zy
200 1# - Título y mención de responsabilidad
Título propio Pinturas murales en los conventos mexicanos del siglo XVI
Designación general del material texto impreso
Primer mención de responsabilidad Textos Manuel Toussaint
205 ## - Declaración de edición
Declaración de edición 2a ed
210 ## - Publicación, distribución, etc.
Lugar de publicación, distribución, etc. México
Nombre del editor, distribuidor, etc. Ediciones de Arte
Fecha de publicación, distribución, etc. 1948
215 ## - Descripción física
Designación de material específico y extensión del ítem 68 p
Otras características físicas principalmente fot.
Dimensiones 17 cm
300 ## - Notas generales
Texto de la nota Edición tetralingüe español-inglés-francés-italiano
345 ## - Nota de información de adquisición
Fuente de adquisición/dirección de la suscripción [OBSOLETO] Donación
410 #1 - Series
Título Colección Anáhuac de Arte Mexicano
Nombre de parte o sección Artistas
Número de volumen 20
606 ## - Término temático usado como materia
Elemento de entrada Decoración y ornamentación
Subdivisión geográfica México
Número Koha 6218
606 ## - Término temático usado como materia
Elemento de entrada Pintura y decoración murales
Subdivisión geográfica México
Número Koha 20
660 ## - Código de área geográfica
Código MX
702 ## - Nombre personal - Responsabilidad secundaria
Elemento de entrada Toussaint y Ritter
Parte del nombre distinta del elemento de entrada Manuel
Fechas 1890-1955
Número Koha 1778
801 #0 - Fuente de origen
Agencia cm
900 ## -
-- 1/16175
900 ## -
-- 710987746\\190298
942 ## - ELEMENTOS DE ENTRADA SECUNDARIOS (KOHA)
Tipo de ítem Koha Livre
996 ## -
-- MEX
-- 751145101
-- MMAG
-- 012210
-- 750.72 A532 V.20
-- 20250124LIV
Exemplaires
Estatus retirado Estado de daño Estado de pérdida Fecha de adquisición Biblioteca de origen Biblioteca actual Ubicación en estantería Código de barras Precio de reemplazo Signatura topográfica completa No para préstamo Tipo de ítem Koha Nota pública Nota no pública
      05/08/2025 Casa México Paris Casa México Paris   012210 05/08/2025 750.72 A532 V.20   Livre 20250124LIV 751145101